000 00574nam a22002175i 4500
001 174696
003 ES-MaACL
005 20250315062600.0
008 100519s2010 sp |||| | spa d
020 _a978-84-321-3787-7
080 _a821.134.2-14"20"
100 1 _aAranda, Verónica.
_9142892
245 1 0 _aCortes de luz /
_cVerónica Aranda.
250 _a1ª ed.
260 _aMadrid :
_bRialp,
_c2010.
300 _a75 p. ;
_c17 cm.
490 1 _aAdonáis ;
_v618
830 0 0 _aAdonáis
_v618
_9173743
852 _aES-MaACL
_jJ-23-618
999 _c174696
_d174696